Statystyki dla Czy wiesz do jakiego miasta należy ta dzielnica?

Kliknij tutaj aby rozwiązać quiz!

Ogólne statystyki

  • Ten quiz został rozwiązany 661 razy
  • Średni wynik to 4 z 11

Statystyki odpowiedzi

DzielincaMiasto% Poprawnych
BielanyWarszawa
91%
Nowa HutaKraków
89%
OliwaGdańsk
76%
Psie PoleWrocław
66%
PrawobrzeżeSzczecin
38%
KoszutkaKatowice
27%
Podgórze DuchackieKraków
24%
ZawarcieGorzów Wielkopolski
14%
GórczynGorzów Wielkoposlki
8%
GrabówkaCzęstochowa
7%
ZakanaleGorzów Wielkpolski
7%

Rozkład punktacji

Percentyl według liczby udzielonych odpowiedzi

Procent ludzi z każdym wynikiem

Twoja historia wyników

Nie rozwiązałeś tego quizu